| 000 | 00732nam a2200205 4500 | ||
|---|---|---|---|
| 999 |
_c4124 _d4124 |
||
| 001 | 4949 | ||
| 005 | 20190813110434.0 | ||
| 008 | 190813b ||||| |||| 00| 0 eng d | ||
| 020 | _a9789993653226 | ||
| 245 | 0 | 0 |
_aགཏེར་སྟོན་པདྨ་གླིང་པའི་རྣམ་ཐར། _bA brilliant and Beautiful rosary of gems / _cEdited by Karma Phuntsho. |
| 246 | _aTerton Pema Lingpa gi namthar. | ||
| 246 | _a[Biography of Terton Pema Lingpa]. | ||
| 260 |
_aThimphu : _bShejun, _c2015. |
||
| 300 | 0 | 0 | _a431 p. ; 20 cm |
| 500 | _aIn Dzongkha. | ||
| 500 | _aIntroduction & overview of the book English. | ||
| 650 | 0 | 0 | _aDrukpa- lamas --Bhutan --Biography. |
| 650 | 0 | 0 | _aPema Lingpa. |
| 942 |
_2ddc _cDZONGKHA |
||